Obálka Náhled e-knihy:
Epub
Pro půjčování e-knih musíte být přihlášeni.
Jak si půjčit online?

Smrt konvertity /

Bezejmenné soukromé očko neprožívá právě idylické období. Opustila ho i s dítětem jeho láska Kateřina a navíc odešla k profesní konkurenci, ke kapitánovi z oddělení vražd pražské kriminálky. To zabolí. Proto hledá útěchu v práci a plně se ponoří do případu hledání mladého muže Jiřího, resp. Jorama S...

Celý popis

Uloženo v:
Hlavní autor: Eidler, Petr, 1958- (Autor)
Médium: E-kniha
Jazyk:Czech
Vydáno: Brno : MOBA, 2018
Vydání:Vydání první
Edice:Původní česká detektivka
Krimi (MOBA)
Témata:
Tagy:
Žádné tagy
LEADER 02478nam a2200445 i 4500
001 297687
003 CZ PrSKC
005 20260422063111.0
007 ta
008 180307s2018 xr g 000 f cze
015 |a cnb002983285 
020 |a 9788024380599  |q (vázáno) :  |c Kč 249,00 
035 |a (OCoLC)1035448682 
040 |a OLA001  |b cze  |e rda 
072 7 |a 821.162.3-3  |x Česká próza  |2 Konspekt 
080 |a 821.162.3-31  |2 MRF 
080 |a (0:82-312.4)  |2 MRF 
100 1 |a Eidler, Petr,  |d 1958-  |7 mzk2006331530  |4 aut 
245 1 0 |a Smrt konvertity /  |c Petr Eidler 
250 |a Vydání první 
264 1 |a Brno :  |b MOBA,  |c 2018 
300 |a 285 stran ;  |c 19 cm 
336 |a text  |b txt  |2 rdacontent 
337 |a bez média  |b n  |2 rdamedia 
338 |a svazek  |b nc  |2 rdacarrier 
490 1 |a Původní česká detektivka ;  |v 278. svazek 
490 1 |a Krimi 
520 2 |a Bezejmenné soukromé očko neprožívá právě idylické období. Opustila ho i s dítětem jeho láska Kateřina a navíc odešla k profesní konkurenci, ke kapitánovi z oddělení vražd pražské kriminálky. To zabolí. Proto hledá útěchu v práci a plně se ponoří do případu hledání mladého muže Jiřího, resp. Jorama Steina, který byl v plných přípravách na konverzi k židovské víře, navíc před svatbou, aby náhle beze stopy zmizel. Detektivovi začne pomáhat svérázný majitel košer restaurace Rambo a společně pozvolna rozplétají dramatický případ, ve kterém hraje velkou roli židovské prostředí. 
520 2 |a Mladý muž Jiří hodlá ve svém životě dělat zásadní změny, je však nalezen zavražděný. Případ po své vlastní linii vyšetřuje soukromý detektiv, jehož komplikovaná kauza zavede do nevšedního prostředí židovské komunity. 
655 7 |a české romány  |7 fd133974  |2 czenas 
655 7 |a detektivní romány  |7 fd132010  |2 czenas 
655 9 |a Czech fiction  |2 eczenas 
655 9 |a detective novels  |2 eczenas 
830 0 |a Původní česká detektivka 
830 0 |a Krimi (MOBA) 
900 |a ABA001  |b 19 
044 |a xr 
910 |a RBIT002 
998 |d 177558  |a https://core.palmknihy.cz/api/books/177558/cover?p4fy8e  |b https://core.palmknihy.cz/api/books/177558/cover/400?p4fy8e  |c https://core.palmknihy.cz/api/books/177558/cover/50?p4fy8e  |e 2032-04-07  |g 288  |i 9788024380599  |j https://core.palmknihy.cz/api/books/177558/preview.epub  |l   |q 49  |r 1  |s https://www.palmknihy.cz/kniha/177558  |t ebook  |y 2018  |z 0 
999 |d 297685